000 00614cam a2200229 a 4500
001 1389690
005 20180215070724.0
008 830304s1983 nyua b 000 0 eng
010 _a 82042824
020 _a0394531507 :
_c$16.95
040 _aDLC
_cDLC
_dDLC
041 _aeng
043 _an-us---
080 _a338.973 THUR
082 0 0 _a338.973 THUR
_219
100 1 _a52
101 _aEKO
245 1 0 _aDangerous currents :
_cLester C. Thurow.
504 _aIncludes bibliographical references.
906 _a7
_bcbc
_corignew
_d1
_eocip
_f19
_gy-gencatlg
942 _2ddc
_cBK
999 _c42655
_d42655